Actrices belges (par image) - Statistiques

Statistiques générales
  • Ce quiz a été pris 36 fois
  • Le résultat moyen est 5 sur 16
Statistiques - réponses
Par images Réponse % Correct
Virginie Efira
100%
Cécile de France
68%
Yolande Moreau
57%
Émilie Dequenne
54%
Helena Noguerra
46%
Marie Gillain
43%
Alexandra Vandernoot
39%
Grace de Capitani
36%
Déborah François
21%
Annie Cordy
14%
Andrée Tainsy
4%
Salomé Dewaels
4%
Berthe Bovy
0%
Dominique Wilms
0%
Madeleine Ozeray
0%
Sabine André
0%
Aucun quiz correspondant
Distribution des résultats
% des personnes avec chaque résultat
Percentile par nombre de réponses
Votre historique - résultats
Vous n’avez pas pris ce quiz